000 01283nma a22002537a 4500
003 NALT
005 20230223141055.0
006 g q ||
008 s2557 th tha d
040 _aNALT
041 _atha
245 1 0 _aดุษฎีนิพนธ์ฉบับสมบูรณ์ [CD-ROM]
260 3 _aนครปฐม :
_bวิทยาลัยนวัตกรรมการจัดการ มหาวิทยาลัยเทคโนโลยีราชมงคลรัตนโกสินทร์,
_c2557
300 _a1 แผ่น :
_b Sd., Col.
610 _aมหาวิทยาลัยเทคโนโลยีราชมงคลรัตนโกสินทร์. วิทยาลัยนวัตกรรมการจัดการ
650 0 4 _aการบริหารกิจการบ้านเมืองที่ดี
650 0 4 _aบริการสาธารณะ
650 0 4 _aไหม
650 0 4 _aเศรษฐกิจพอเพียง -- วิจัย
650 0 4 _aวิสาหกิจชุมชน -- วิจัย
850 _aNALT
942 _cCD
_2local
998 _bชวนพิชญ์ รัตนาไพบูลย์
_j104
_k นางสาวสายฝน ดีงาม
999 _c71870
_d71870